Liedtext - Bilder im Kopf - Sido - Statistiken

Allgemein
  • Dieses Quiz wurde 1.230 mal gespielt
  • Das Durchschnittsergebnis liegt bei 468 aus 684
Antwortstatistiken
Textquiz % Korrekt
Bilder
98%
ich
98%
Ich
98%
im
98%
Kopf
98%
die
96%
diese
94%
'ne
94%
ein
93%
mit
92%
In
91%
in
91%
'nem
91%
alle
90%
Knopf
90%
silbernen
90%
einem
89%
Fotoalbum
89%
schwarzen
87%
Bewahr'
86%
bewahr'
86%
war
85%
als
84%
hab
84%
und
84%
Und
84%
noch
81%
weiß
81%
Weiß
81%
mir
80%
er
79%
wir
75%
Wir
75%
das
72%
Das
72%
jung
72%
so
71%
Block
70%
damals
70%
Damals
70%
den
69%
sie
69%
mein
68%
Es
67%
es
67%
haben
66%
der
65%
wild
65%
Mal
64%
mal
64%
am
62%
auf
61%
nicht
61%
denn
59%
Denn
59%
immer
59%
ab
58%
gechillt
58%
Mama
58%
erste
57%
meine
57%
Haare
55%
komme
55%
'nem
55%
Sack
55%
uns
55%
bin
54%
bis
54%
ohne
54%
Aber
52%
schon
52%
vor
52%
Vor
52%
wo
52%
zu
52%
9
50%
dann
50%
drei
50%
süß
50%
warte
50%
An
48%
an
48%
für
48%
nur
48%
schreit
48%
Vater
48%
wachsen
48%
Zeit
48%
mei'm
47%
will
47%
2
46%
dass
46%
dem
46%
Erinnerung
46%
schwanger
46%
von
46%
Von
46%
alles
45%
aufgewachsen
45%
hat
45%
leicht
45%
Opa
45%
Osten
45%
ist
44%
Jahren
44%
kann
44%
meinem
44%
Über
44%
Doch
43%
einfach
43%
gespeichert
43%
langer
43%
man
43%
nichts
43%
reden
43%
Wenn
43%
ins
42%
tot
42%
wären
42%
waren
42%
damit
41%
genau
41%
hab's
41%
mehr
41%
traurig
41%
ich's
40%
ich‘s
40%
Neuland
40%
archiviert
39%
auch
39%
was
39%
32
38%
Aufbruch
38%
findet
38%
nummeriert
38%
einmal
37%
erwarte
37%
hier
37%
Loft
37%
Sind
37%
verdammt
37%
zum
37%
Gutes
36%
langsam
36%
unser
36%
verschwindet
36%
Dieses
35%
dieses
35%
Licht
35%
sich
35%
rund
34%
viele
34%
fassen
33%
graue
33%
Häuser
33%
bleibt
32%
Entscheidung
32%
Freunden
32%
Fuß
32%
Hobby
32%
immerhin
32%
Orangenes
32%
Typ
32%
ergeben
31%
Konserviert
31%
konserviert
31%
Rap-Ding
31%
Feinde
30%
gewusst
30%
Gramm
30%
hatten
30%
klappt
30%
neues
30%
Ob
30%
Semester
30%
wurden
30%
Basketball
29%
bei
29%
Bobby
29%
eben
29%
halbes
29%
Mikrofon
29%
Promi
29%
Spaß
29%
Welt
29%
1000
28%
besser
28%
gemacht
28%
guten
28%
wussten
28%
Autos
27%
geilen
27%
jetzt
27%
Kleiderschrank
27%
lassen
27%
paar
27%
passte
27%
Runde
27%
stand
27%
Uni
27%
ersten
26%
Hof
26%
Jamal
26%
Kurven
26%
PS
26%
rate
26%
Augen
25%
Gras-Ding
25%
Mucke
25%
Paraphiert
25%
Straßenlichter
25%
bemalt
24%
Bräuten
24%
Jordans
24%
Kommi
24%
Ärzten
23%
Feiertagen
23%
Gesichtern
23%
geträumt
23%
kannten
23%
letzten
23%
Nachts
23%
Raucherecke
23%
Rebellen
23%
traute
23%
draußen
22%
läuft’s
22%
zog'
22%
auf'm
21%
Konzerten
21%
Löchern
21%
rumgehangen
21%
wollte
21%
keinem
20%
Partys
20%
Brüchen
18%
Geld
18%
glauben
17%
Marterpfahl
17%
Schulwand
17%
Zeugnissen
16%
brauchten
15%
Keine übereinstimmenden Quizze gefunden
Verteilung der Resultate
Anzahl Personen mit jedem Resultat
Perzentil nach korrekt beantworteten Fragen
Ihre Resultats-Entwicklung
Sie haben dieses Quiz noch nicht gespielt